Riconosci il Pokémon - Quiz n°38 - Statistics

Statistiche generali
  • Questo quiz è stato fatto 10 volte
  • Il punteggio medio è 9 su 10
Statistiche sulle risposte
Indizio Risposta % Corretto
Tipo Acqua
100%
Stadio evoluzione Forma Base
100%
Generazione Prima
100%
Abilità Risplendi; Alternacura; Ponderazione
100%
Altezza 0,8 m
89%
Tasso di cattura 225 (39.9%)
89%
Peso 34,5 kg
89%
Sesso Sconosciuto
89%
Tasso di allevamento Lento
78%
Pokémon Staryu
56%
Nessun quiz corrispondente trovato
Distribuzione punteggi
Percentuale di utenti per punteggio
Percentile per numero di risposta
I tuoi punteggi nel tempo
Non hai fatto questo quiz